| 000 | 00891nam0a22002771 4500 | ||
|---|---|---|---|
| 001 | rc\52768 | ||
| 005 | 20250620162212.0 | ||
| 010 |
_a5-09-007270-1 _980000 |
||
| 035 | _a(NLR Aleph) 005330902 | ||
| 090 |
_a6590365 _c6590365 |
||
| 100 | _a20021216d1996 |||y0rusy50 ca | ||
| 101 | 0 | _arus | |
| 102 | _aRU | ||
| 105 | _aa ||||||||| | ||
| 200 | 1 |
_aСправочная книга школьного психолога _fР.В. Овчарова |
|
| 205 | _a2-е изд., дораб. | ||
| 210 |
_aМ. _cПросвещение _cУчеб. лит. _d1996 |
||
| 215 |
_a351 с. _cил. _d23 |
||
| 320 | _aБиблиогр.: с. 339-350 | ||
| 700 | 1 |
_7ca _8rus _aОвчарова _bР. В. _f1945- _gРаиса Викторовна _9261420 _3RU\NLR\AUTH\770261476 |
|
| 801 | 0 |
_aRU _bNLR _gpsbo |
|
| 801 | 1 |
_aRU _bELAR _2rusmarc |
|
| 852 |
_aNLR _j97-5/16 |
||
| 942 | _cBOOK | ||
| 980 | _aNB | ||